| 000 | 00932nam a2200217Ia 4500 | ||
|---|---|---|---|
| 001 | 2189 | ||
| 005 | 20260422121334.0 | ||
| 008 | 260306t2023||||xx |||||||||||||| ||spa|| | ||
| 041 | _aESP | ||
| 082 |
_a616.01 _bP84 |
||
| 100 |
_aPrats, Guillem, _eAUT |
||
| 245 | 0 | _aMicrobiología y parasitología médicas | |
| 260 | _c2023 | ||
| 300 |
_axix, 634 páginas : _c28 cm. |
||
| 650 | _aGEN | ||
| 654 | _aCCS | ||
| 856 |
_uhttps://0u216xhg7-y-https-accessmedicina-mhmedical-com.itmsp.museknowledge.com/book.aspx?bookid=3660 _zVéase además: Levinson. Microbiología médica e inmunología. Versión digital |
||
| 856 |
_uhttps://0u216xhg7-y-https-accessmedicina-mhmedical-com.itmsp.museknowledge.com/ _zVéase además: Base de datos McGraw Hill Access Medicina |
||
| 856 |
_uhttps://0u23fxhp8-y-https-www-clinicalkey-com.itmsp.museknowledge.com/student/login _zVéase además: Base de datos ClinicalKey |
||
| 942 |
_cLIB _dJUS _fJUS _2ddc |
||
| 999 |
_c2189 _d2189 |
||